Journal of democracy /

Guardado en:
Formato: Seriadas
Idioma:Spanish
Publicado: Washington : The Johns Hopkins University, 2003
Etiquetas: Agregar Etiqueta
Sin Etiquetas, Sea el primero en etiquetar este registro!
LEADER 00355nas a22001095a 4500
001 DER.der000752
005 20170505000000.0
008 180615s2003####||||||||||||||||||||spa||
245 1 0 |a Journal of democracy /  |c Marc F. Plattner , dirigido por Larry Diamond 
260 |a Washington :  |b The Johns Hopkins University,  |c 2003 
300 0 |a 189 p. 
859 |a DERECHO  |b BIB. DERECHO  |p 001354